Оценка взаимодействия морских трубопроводов с грунтами со слабыми прочностными свойствами; Творчество юных - шаг в успешное будущее

গ্রন্থ-পঞ্জীর বিবরন
Parent link:Творчество юных - шаг в успешное будущее.— 2016.— [С. 199-201]
প্রধান লেখক: Матвиенко В. В. Владимир Владиславович
সংস্থা লেখক: Национальный исследовательский Томский политехнический университет (ТПУ) Институт природных ресурсов (ИПР) Кафедра транспорта и хранения нефти и газа (ТХНГ)
অন্যান্য লেখক: Бурков В. П. Владимир Петрович (научный руководитель), Бурков П. В. Пётр Владимирович
সংক্ষিপ্ত:Заглавие с титульного экрана
ভাষা:রুশ
প্রকাশিত: 2016
মালা:Новейшие системы, техника и технологии для подводного изучения шельфа Арктикии прибрежных зон арктических морей
বিষয়গুলি:
অনলাইন ব্যবহার করুন:http://earchive.tpu.ru/handle/11683/36864
বিন্যাস: MixedMaterials বৈদ্যুতিক গ্রন্থের অধ্যায়
KOHA link:https://koha.lib.tpu.ru/cgi-bin/koha/opac-detail.pl?biblionumber=621957

MARC

LEADER 00000naa2a2200000 4500
001 621957
005 20241219063139.0
035 |a (RuTPU)RU\TPU\conf\20605 
035 |a RU\TPU\conf\20604 
090 |a 621957 
100 |a 20170131d2016 k y0rusy50 ca 
101 0 |a rus 
102 |a RU 
105 |a y z 101zy 
135 |a drcn ---uucaa 
181 0 |a i  
182 0 |a b 
200 1 |a Оценка взаимодействия морских трубопроводов с грунтами со слабыми прочностными свойствами  |f В. В. Матвиенко, В. П. Бурков  |g науч. рук. П. В. Бурков 
203 |a Текст  |c электронный 
225 1 |a Новейшие системы, техника и технологии для подводного изучения шельфа Арктикии прибрежных зон арктических морей 
230 |a 1 компьютерный файл (pdf; 1331 Kb) 
300 |a Заглавие с титульного экрана 
320 |a [Библиогр.: с. 201 (5 назв.)] 
463 1 |0 (RuTPU)RU\TPU\conf\20537  |t Творчество юных - шаг в успешное будущее  |o Арктика и её освоение  |o материалы IX Всероссийской научной молодежной конференции с международным участием с элементами научной школы имени профессора М.К. Коровина, г. Томск, 10-14 октября 2016 г.  |f Национальный исследовательский Томский политехнический университет (ТПУ) ; под ред. А. Ю. Дмитриева  |v [С. 199-201]  |d 2016 
610 1 |a труды учёных ТПУ 
610 1 |a электронные ресурсы 
610 1 |a нефтегазоконденсатные месторождения 
610 1 |a напряженно-деформированное состояние 
610 1 |a шельфы 
610 1 |a трубопроводы 
610 1 |a грунты 
700 1 |a Матвиенко  |b В. В.  |c специалист в области нефтегазового дела  |c инженер по патентной и изобретательской работе, ассистент Томского политехнического университета  |f 1992-  |g Владимир Владиславович  |2 stltpush  |3 (RuTPU)RU\TPU\pers\45618 
701 1 |a Бурков  |b В. П.  |c геолог  |c ассистент кафедры Томского политехнического университета  |f 1986-  |g Владимир Петрович  |2 stltpush  |3 (RuTPU)RU\TPU\pers\37860 
702 1 |a Бурков  |b П. В.  |c инженер-механик  |c профессор Томского политехнического университета и Юргинского технологического института (филиала) Томского политехнического университета, доктор технических наук  |f 1957-  |g Пётр Владимирович  |7 ca  |8 rus  |2 stltpush  |4 727  |9 10756 
712 0 2 |a Национальный исследовательский Томский политехнический университет (ТПУ)  |b Институт природных ресурсов (ИПР)  |b Кафедра транспорта и хранения нефти и газа (ТХНГ)  |h 257  |2 stltpush  |3 (RuTPU)RU\TPU\col\18661 
801 2 |a RU  |b 63413507  |c 20191217  |g RCR 
856 4 |u http://earchive.tpu.ru/handle/11683/36864 
942 |c BK